<?xml version="1.0" encoding="UTF-8"?>
<record
    xmlns:xsi="http://www.w3.org/2001/XMLSchema-instance"
    xsi:schemaLocation="http://www.loc.gov/MARC21/slim http://www.loc.gov/standards/marcxml/schema/MARC21slim.xsd"
    xmlns="http://www.loc.gov/MARC21/slim">

  <leader>01470nam a22002777a 4500</leader>
  <controlfield tag="001">406</controlfield>
  <controlfield tag="003">OSt</controlfield>
  <controlfield tag="005">20250508141901.0</controlfield>
  <controlfield tag="008">250507b        |||||||| |||| 00| 0 eng d</controlfield>
  <datafield tag="020" ind1=" " ind2=" ">
    <subfield code="a">8572531246</subfield>
  </datafield>
  <datafield tag="040" ind1=" " ind2=" ">
    <subfield code="b">por</subfield>
  </datafield>
  <datafield tag="082" ind1=" " ind2=" ">
    <subfield code="a">133.93</subfield>
    <subfield code="b">C284s</subfield>
  </datafield>
  <datafield tag="100" ind1="0" ind2=" ">
    <subfield code="a">Carlos, Antonio</subfield>
    <subfield code="c">(Esp&#xED;rito).</subfield>
    <subfield code="9">791</subfield>
  </datafield>
  <datafield tag="245" ind1=" " ind2=" ">
    <subfield code="a">O Son&#xE2;mbulo /</subfield>
    <subfield code="c">Carlos, Antonio (espirito) ; Psicografado por Vera L&#xFA;cia Marinzeck de Carvalho.</subfield>
  </datafield>
  <datafield tag="260" ind1=" " ind2=" ">
    <subfield code="a">S&#xE3;o Paulo</subfield>
    <subfield code="b">Petit</subfield>
    <subfield code="c">2004</subfield>
  </datafield>
  <datafield tag="300" ind1=" " ind2=" ">
    <subfield code="a">159 p.</subfield>
  </datafield>
  <datafield tag="520" ind1=" " ind2=" ">
    <subfield code="a">Daniel, que &#xE9; Nic, o son&#xE2;mbulo, tem medo de dormir. Durante o sono, uma for&#xE7;a estranha toma conta do seu corpo, e tudo pode acontecer... Entre as sombras, um vulto movimenta-se atormentado. V&#xED;timas da viol&#xEA;ncia, mulheres indefesas perdem a vida na madrugada, nas m&#xE3;os de um cruel e insaci&#xE1;vel assassino. Ao amanhecer, os sapatos de Daniel est&#xE3;o sujos de lama e o seu quarto foi revirado. Desesperado, n&#xE3;o sabe o que fazer... At&#xE9; quando a noite vai esconder tantos crimes misteriosos? Quem &#xE9; esse homem t&#xE3;o estranho, que n&#xE3;o &#xE9; capaz de declarar o seu amor &#xE0; &#xFA;nica mulher por quem se apaixonou? Quantos mist&#xE9;rios emocionantes esta leitura nos proporciona!
</subfield>
  </datafield>
  <datafield tag="650" ind1=" " ind2="0">
    <subfield code="a">Literatura Brasileira</subfield>
    <subfield code="9">205</subfield>
  </datafield>
  <datafield tag="650" ind1=" " ind2="0">
    <subfield code="a">Psicografias</subfield>
    <subfield code="9">485</subfield>
  </datafield>
  <datafield tag="650" ind1=" " ind2="0">
    <subfield code="a">Sonambulismo </subfield>
    <subfield code="9">875</subfield>
  </datafield>
  <datafield tag="650" ind1=" " ind2="0">
    <subfield code="a">Romance Espirita</subfield>
    <subfield code="9">876</subfield>
  </datafield>
  <datafield tag="650" ind1=" " ind2="0">
    <subfield code="a">Assassinatos</subfield>
    <subfield code="9">873</subfield>
  </datafield>
  <datafield tag="655" ind1=" " ind2="0">
    <subfield code="a">Romance</subfield>
    <subfield code="9">23</subfield>
  </datafield>
  <datafield tag="700" ind1="1" ind2=" ">
    <subfield code="a">Carvalho, Vera L&#xFA;cia Marinzeck de,</subfield>
    <subfield code="d">1948-</subfield>
    <subfield code="e">m&#xE9;dium</subfield>
    <subfield code="9">795</subfield>
  </datafield>
  <datafield tag="942" ind1=" " ind2=" ">
    <subfield code="2">ddc</subfield>
    <subfield code="c">BK</subfield>
    <subfield code="n">0</subfield>
  </datafield>
  <datafield tag="952" ind1=" " ind2=" ">
    <subfield code="0">0</subfield>
    <subfield code="1">0</subfield>
    <subfield code="2">ddc</subfield>
    <subfield code="4">0</subfield>
    <subfield code="7">0</subfield>
    <subfield code="8">FIC</subfield>
    <subfield code="a">BIBIB</subfield>
    <subfield code="b">BIBIB</subfield>
    <subfield code="c">ESP</subfield>
    <subfield code="d">2025-05-07</subfield>
    <subfield code="e">doa&#xE7;&#xE3;o</subfield>
    <subfield code="l">0</subfield>
    <subfield code="o">133.93 / C284s</subfield>
    <subfield code="p">2025-17344</subfield>
    <subfield code="r">2025-05-07 14:33:56</subfield>
    <subfield code="t">Ex. 01</subfield>
    <subfield code="w">2025-05-07</subfield>
    <subfield code="y">BK</subfield>
  </datafield>
  <datafield tag="999" ind1=" " ind2=" ">
    <subfield code="c">406</subfield>
    <subfield code="d">406</subfield>
  </datafield>
</record>
